|
|
|
|
| LEADER |
00868nam a2200229 a 4500 |
| 001 |
000655716 |
| 003 |
CZ BrMZK |
| 005 |
20030311131908.0 |
| 008 |
030302s1962 xr f cze d |
| 040 |
|
|
|a BOA001
|b cze
|c BOA001
|
| 080 |
|
|
|a 330.44(076)
|2 MRF
|
| 100 |
1 |
|
|a Škuta, Ladislav
|7 jx20050617058
|4 aut
|
| 245 |
1 |
0 |
|a Příklady z normování výkonu /
|c Ladislav Škuta
|
| 260 |
|
|
|a Ostrava :
|b Vysoká škola báňská,
|c 1962
|
| 300 |
|
|
|a 76 s.
|
| 490 |
1 |
|
|a Učební texty vysokých škol / Vysoká škola báňská v Ostravě
|
| 504 |
|
|
|a Bibliografie na s. 76
|
| 710 |
2 |
|
|a Vysoká škola báňská v Ostravě
|7 kn20010709158
|
| 810 |
|
2 |
|a Vysoká škola báňská v Ostravě.
|t Učební texty vysokých škol
|0 s
|
| 910 |
|
|
|a BOA001
|b TK-A-0132.240
|
| 990 |
|
|
|a BK
|
| 996 |
7 |
|
|b 2629946702
|c TK-A-0132.240
|l MZK
|r Sklad / do 24 hodin
|n 1
|w 000655716
|u 000010
|a 1
|e BOA001
|j MZK50
|s A
|